Las estructuras de clase en América Latina: composición y cambios en la época neoliberal /

Zapisane w:
Opis bibliograficzny
1. autor: Portes, Alejandro
Kolejni autorzy: Hoffman, Kelly
Format: Texto
Etykiety: Dodaj etykietę
Nie ma etykietki, Dołącz pierwszą etykiete!

MARC

LEADER 00000 a a2200000 04500
001 47258
003
040
100 |a Portes, Alejandro  
245 |a Las estructuras de clase en América Latina:   |b composición y cambios en la época neoliberal /  |c Alejandro Portes, Kelly Hoffman  
700 |a Hoffman, Kelly  
773 |g páginas 559-614 : tablas  
999 |c 22609  |d 22609